[Event "IECG WC.2010.P.00017 email"]
[Site "IECG email"]
[Date "2006.06.05"]
[Round "?"]
[White "Grossmann, Michael"]
[Black "Sukhodolsky, Alexandr"]
[Result "0-1"]
[WhiteElo "1508"]
[BlackElo "2200"]
[PlyCount "36"]
[EventDate "2006.06.05"]
[EventType "tourn (corr)"]
[EventRounds "6"]
[SourceTitle "Corr 2008"]
[Source "ChessBase"]
[SourceDate "2008.06.24"]
[SourceVersion "1"]
[SourceVersionDate "2008.06.24"]
[SourceQuality "1"]

1. e4 c5 2. Nf3 Nc6 3. d4 cxd4 4. Nxd4 Nf6 5. Nc3 e5 6. Ndb5 d6 7. Bg5 a6 8. Bxf6 gxf6 9. Na3 b5 10. Nd5 f5 11. Nxb5 axb5 12. Bxb5 Bb7 13. exf5 Ra5 14. a4 Rg8 15. b4 Rxb5 16. axb5 Nd4 17. c4 Rxg2 18. Kf1 Rg5 0-1

[Event "IECG CP.2005.P.00102"]
[Site "IECG email"]
[Date "2005.10.01"]
[Round "?"]
[White "Tavecchia, Mario"]
[Black "Grossmann, Michael"]
[Result "1/2-1/2"]
[WhiteElo "2062"]
[BlackElo "1470"]
[PlyCount "56"]
[EventDate "2005.10.01"]
[EventType "tourn (corr)"]
[EventRounds "6"]
[SourceTitle "Corr 2008"]
[Source "ChessBase"]
[SourceDate "2008.06.24"]
[SourceVersion "1"]
[SourceVersionDate "2008.06.24"]
[SourceQuality "1"]

1. e4 Nf6 2. e5 Nd5 3. d4 d6 4. Nf3 dxe5 5. Nxe5 Nd7 6. Nf3 c6 7. c3 g6 8. Bc4 Bg7 9. 0-0 N7b6 10. Bd3 Qc7 11. Bg5 0-0 12. Re1 Bg4 13. h3 Bxf3 14. Qxf3 e5 15. dxe5 Nd7 16. e6 Ne5 17. Qe2 Rae8 18. exf7+ Qxf7 19. Rf1 Nxd3 20. Qxd3 Re1 21. Qd2 Rxf1+ 22. Kxf1 h6 23. Be3 Re8 24. Kg1 Nxe3 25. fxe3 Qe7 26. Na3 Qxe3+ 27. Qxe3 Rxe3 28. Kf2 Re6 1/2-1/2

[Event "IECG WC.2009.P.00025"]
[Site "IECG email"]
[Date "2005.02.28"]
[Round "?"]
[White "Rattay, Walter"]
[Black "Grossmann, Michael"]
[Result "1/2-1/2"]
[WhiteElo "1639"]
[BlackElo "1415"]
[PlyCount "79"]
[EventDate "2005.02.28"]
[EventType "tourn (corr)"]
[EventRounds "6"]
[SourceTitle "Corr 2008"]
[Source "ChessBase"]
[SourceDate "2008.06.24"]
[SourceVersion "1"]
[SourceVersionDate "2008.06.24"]
[SourceQuality "1"]

1. c4 Nf6 2. Nc3 g6 3. g3 Bg7 4. Bg2 0-0 5. f4 c5 6. d3 Nc6 7. Nf3 d5 8. cxd5 Nxd5 9. Bd2 Nb6 10. Be3 Nd4 11. Nd2 Qc7 12. Rc1 Bd7 13. 0-0 Bc6 14. Bf2 Rac8 15. e4 Rfd8 16. Nf3 Qd7 17. b3 f5 18. a4 a5 19. Nxd4 Bxd4 20. Qe1 e6 21. Nd1 fxe4 22. dxe4 c4 23. bxc4 Bxa4 24. Qxa5 Nxc4 25. Qb4 b5 26. Bxd4 Qxd4+ 27. Nf2 Ra8 28. e5 Ra7 29. Rc3 Nd2 30. Qxd4 Rxd4 31. Ra1 b4 32. Rd3 Bb5 33. Rxa7 Bxd3 34. Nxd3 Rxd3 35. Bh3 Nf3+ 36. Kf2 Nd4 37. Rd7 Rd2+ 38. Ke3 Rxh2 39. Rxd4 Rxh3 40. Kf3 1/2-1/2

[Event "IECG CD.2005.0.00091 email"]
[Site "IECG email"]
[Date "2005.01.30"]
[Round "?"]
[White "Grossmann, Michael"]
[Black "Metz, Larry R"]
[Result "1/2-1/2"]
[WhiteElo "1415"]
[BlackElo "1434"]
[PlyCount "99"]
[EventDate "2005.01.30"]
[EventType "tourn (corr)"]
[EventRounds "6"]
[SourceTitle "Corr 2008"]
[Source "ChessBase"]
[SourceDate "2008.06.24"]
[SourceVersion "1"]
[SourceVersionDate "2008.06.24"]
[SourceQuality "1"]

1. e4 e5 2. Nf3 Nc6 3. Bb5 Nf6 4. 0-0 Bc5 5. Nxe5 0-0 6. Nd3 Bd4 7. c3 Bb6 8. Nf4 Nxe4 9. d4 d5 10. Nd2 Nf6 11. Nh5 Re8 12. Qf3 Nxh5 13. Qxh5 g6 14. Qh6 Bg4 15. Nb3 Be2 16. Bxc6 bxc6 17. Re1 Qd7 18. Nc5 Bxc5 19. dxc5 d4 20. Bg5 f6 21. Bxf6 d3 22. Qd2 Qf5 23. Bd4 Re4 24. f3 Re7 25. b4 Rf8 26. a4 g5 27. Rad1 Rff7 28. Rb1 a6 29. b5 axb5 30. a5 Qf4 31. Qxf4 Rxf4 32. Kf2 g4 33. Rg1 gxf3 34. gxf3+ Kf8 35. Rg3 Ref7 36. Rbg1 Rxf3+ 37. Rxf3 Rxf3+ 38. Ke1 Ke7 39. Kd2 Ke6 40. Rg8 Rf1 41. c4 Kf5 42. Re8 Bf3 43. Bc3 Rf2+ 44. Kxd3 bxc4+ 45. Kd4 Rxh2 46. Re5+ Kf4 47. Re1 Ra2 48. Ra1 Re2 49. Kxc4 Re4+ 50. Kb3 1/2-1/2

[Event "IECG CD.2005.0.00091 email"]
[Site "IECG email"]
[Date "2005.01.30"]
[Round "?"]
[White "Jasinski, Jim"]
[Black "Grossmann, Michael"]
[Result "0-1"]
[WhiteElo "1594"]
[BlackElo "1415"]
[PlyCount "58"]
[EventDate "2005.01.30"]
[EventType "tourn (corr)"]
[EventRounds "6"]
[SourceTitle "Corr 2008"]
[Source "ChessBase"]
[SourceDate "2008.06.24"]
[SourceVersion "1"]
[SourceVersionDate "2008.06.24"]
[SourceQuality "1"]

1. c4 Nf6 2. d4 g6 3. Nc3 d5 4. cxd5 Nxd5 5. e4 Nxc3 6. bxc3 Bg7 7. e5 c5 8. Nf3 0-0 9. Be3 Nc6 10. Rb1 Rb8 11. Bc4 Bf5 12. Rb5 cxd4 13. cxd4 a6 14. Rb2 b5 15. Be2 Be4 16. a4 Qa5+ 17. Qd2 bxa4 18. Rxb8 Rxb8 19. 0-0 a3 20. Qxa5 Nxa5 21. Ra1 Rb1+ 22. Rxb1 Bxb1 23. Bd2 a2 24. Bc3 e6 25. Bd1 Bh6 26. Kf1 Bc1 27. Ba1 Nc4 28. Be2 Bb2 29. Bxb2 Nxb2 0-1

[Event "IECG CP.2002.Q.00019 email"]
[Site "IECG email"]
[Date "2003.10.01"]
[Round "?"]
[White "Lorenzi, Matteo"]
[Black "Grossmann, Michael"]
[Result "1-0"]
[WhiteElo "1525"]
[BlackElo "1202"]
[PlyCount "111"]
[EventDate "2003.10.01"]
[EventType "tourn (corr)"]
[EventRounds "10"]
[SourceTitle "Corr 2008"]
[Source "ChessBase"]
[SourceDate "2008.06.24"]
[SourceVersion "1"]
[SourceVersionDate "2008.06.24"]
[SourceQuality "1"]

1. d4 Nf6 2. c4 g6 3. Nc3 d5 4. Nf3 Bg7 5. Bg5 Ne4 6. cxd5 Nxg5 7. Nxg5 c6 8. e3 e6 9. Nf3 cxd5 10. Be2 0-0 11. 0-0 Nc6 12. Rc1 Qe7 13. Na4 Rd8 14. a3 e5 15. Bb5 e4 16. Nd2 Bd7 17. Rc5 a6 18. Be2 Nxd4 19. exd4 Bxd4 20. Rc7 b5 21. Nc3 Qd6 22. Nb3 Be5 23. Rc5 Bxh2+ 24. Kh1 Be6 25. g3 Bxg3 26. fxg3 Qxg3 27. Qd4 Qh4+ 28. Kg1 Bh3 29. Qe3 Bxf1 30. Bxf1 Rac8 31. Rxc8 Qg4+ 32. Bg2 Qxc8 33. Qb6 Qb8 34. Qxa6 Qg3 35. Qf6 Rd6 36. Qf2 Qe5 37. Qc5 Qg3 38. Nd2 e3 39. Nf3 Re6 40. Nxd5 e2 41. Qc8+ Kg7 42. Qc3+ Kg8 43. Ne1 Qh4 44. Nb4 g5 45. Nbd3 Qg3 46. Qc8+ Kg7 47. Qc5 Rd6 48. Qc3+ Rf6 49. Qe5 Qxe5 50. Nxe5 h5 51. N5f3 g4 52. Nd4 h4 53. Nxe2 Rd6 54. Bf1 Kg6 55. Nc3 b4 56. axb4 1-0

[Event "IECG CP.2002.Q.00019 email"]
[Site "IECG email"]
[Date "2003.10.01"]
[Round "?"]
[White "Pott, Brian"]
[Black "Grossmann, Michael"]
[Result "1/2-1/2"]
[WhiteElo "1544"]
[BlackElo "1202"]
[PlyCount "103"]
[EventDate "2003.10.01"]
[EventType "tourn (corr)"]
[EventRounds "10"]
[SourceTitle "Corr 2008"]
[Source "ChessBase"]
[SourceDate "2008.06.24"]
[SourceVersion "1"]
[SourceVersionDate "2008.06.24"]
[SourceQuality "1"]

1. e4 c5 2. Nc3 Nc6 3. Nf3 d6 4. d4 cxd4 5. Nxd4 Nf6 6. Bg5 Bd7 7. Qd2 Nxd4 8. Qxd4 Qa5 9. Bxf6 gxf6 10. 0-0-0 Bh6+ 11. Kb1 0-0 12. Nd5 Rfe8 13. Be2 Rac8 14. f4 Bg7 15. f5 Ba4 16. Bd3 Bd7 17. g4 Qc5 18. Qxc5 Rxc5 19. Rhf1 a5 20. c3 a4 21. b4 axb3 22. axb3 e6 23. Nb6 Bc6 24. Kc2 Rd8 25. Kb2 Be8 26. Ra1 Rc6 27. Nc4 b5 28. Na3 Rc5 29. Rfd1 Rb8 30. b4 Rc7 31. Nc2 Bh6 32. Ra3 e5 33. Bf1 Bc6 34. Bg2 Rd7 35. Ra6 Rc8 36. Na3 Bf8 37. Rb6 Be7 38. Kb3 Rdc7 39. Rd2 Rd7 40. Nxb5 Bd8 41. Rxc6 Rxc6 42. c4 Be7 43. Ra2 Bd8 44. Nc3 Rcc7 45. Bf3 Ra7 46. Rxa7 Rxa7 47. Nd5 Ra1 48. b5 Kf8 49. h4 Ke8 50. Kc2 Kd7 51. Bd1 Ra2+ 52. Kd3 1/2-1/2

[Event "IECG QN.2003.0.00258 email "]
[Site "IECG email"]
[Date "2003.01.26"]
[Round "?"]
[White "Grossmann, Michael"]
[Black "Hendershot, Paul"]
[Result "1-0"]
[WhiteElo "800"]
[BlackElo "752"]
[PlyCount "83"]
[EventDate "2003.01.26"]
[EventType "tourn (corr)"]
[EventRounds "6"]
[SourceTitle "Corr 2008"]
[Source "ChessBase"]
[SourceDate "2008.06.24"]
[SourceVersion "1"]
[SourceVersionDate "2008.06.24"]
[SourceQuality "1"]

1. e4 e5 2. f4 exf4 3. Nc3 Qh4+ 4. Ke2 d6 5. Nf3 Bg4 6. d4 Nc6 7. Nd5 0-0-0 8. Kd3 Bxf3 9. Qxf3 Qe1 10. g3 f5 11. Bh3 Qa5 12. Bxf5+ Kb8 13. Bxf4 Qb5+ 14. Kd2 g6 15. Bh3 Be7 16. Qd3 Qxd3+ 17. Kxd3 Nf6 18. Nxe7 Nxe7 19. Rhf1 Rhe8 20. Rae1 Neg8 21. c3 h6 22. Bxh6 Nxe4 23. Rxe4 Rxe4 24. Kxe4 Nxh6 25. Rf6 a6 26. Rxg6 d5+ 27. Kd3 Ng8 28. Be6 Ne7 29. Rg7 Nc6 30. h4 Rd6 31. Bf5 Na5 32. h5 Rf6 33. g4 Nc4 34. Rg6 Rf8 35. h6 Re8 36. b3 Nd6 37. h7 Nf7 38. Rg8 Ka7 39. Rxe8 Nd6 40. h8Q Nxe8 41. Qxe8 Kb6 42. Qe7 1-0

[Event "IECG QN.2003.0.00258 email "]
[Site "IECG email"]
[Date "2003.01.26"]
[Round "?"]
[White "Grossmann, Michael"]
[Black "Wood, Mike H"]
[Result "1-0"]
[WhiteElo "800"]
[BlackElo "729"]
[PlyCount "37"]
[EventDate "2003.01.26"]
[EventType "tourn (corr)"]
[EventRounds "6"]
[SourceTitle "Corr 2008"]
[Source "ChessBase"]
[SourceDate "2008.06.24"]
[SourceVersion "1"]
[SourceVersionDate "2008.06.24"]
[SourceQuality "1"]

1. e4 e5 2. f4 Nc6 3. Nc3 Bb4 4. Nf3 d6 5. Bb5 Nge7 6. fxe5 0-0 7. exd6 Bxd6 8. d4 Bg4 9. Be3 Re8 10. 0-0 a6 11. Bc4 b5 12. Bxf7+ Kxf7 13. Ng5+ Kg8 14. Qxg4 Qc8 15. Qh5 h6 16. Qf7+ Kh8 17. Ne6 Rg8 18. Rf6 gxf6 19. Qxf6+ 1-0